000
00415nam a22001697a 4500
003
MPLRDC
005
20220104114142.0
008
210129b ||||| |||| 00| 0 eng d
082
_a
802.49 DHQ
100
_a
戴准清
245
_a
汉语音转学
_c
250
_a
一版一刷
260
_a
_b
中国友谊出版公司
_c
1986
300
_b
平
650
_a
中国语言音韵--读音
942
_c
BK
_o
802.49 DHQ
999
_c
5229
_d
5219